[Event "26th WSCC 2016 Open 65+"]
[Site "Marianske Lazne, Czech Republic - Hotel Cristal and Continental"]
[Date "2016.11.23"]
[Round "5.116"]
[White "Zilbershtein, Victor"]
[Black "Vagner, Grigorij"]
[Result "0-1"]
[WhiteElo "1716"]
[BlackElo "1849"]
[PlyCount "50"]
[EventDate "2016.11.19"]

1. d4 d5 2. Nf3 Nc6 3. c4 Bg4 4. e3 e5 5. Qb3 Bb4+ 6. Bd2 Bxd2+ 7. Nbxd2 Na5 8.
Qa4+ c6 9. Nxe5 Be6 10. cxd5 Bxd5 11. b4 f6 12. bxa5 fxe5 13. e4 Be6 14. dxe5
Ne7 15. Rd1 Qc7 16. Nc4 O-O 17. Qc2 b5 18. axb6 axb6 19. a3 b5 20. Nd6 Qa5+ 21.
Rd2 Qxa3 22. Be2 Qa1+ 23. Rd1 Qxe5 24. O-O Rfb8 25. Rd3 Rd8 {...44 moves} 0-1

[Event "26th WSCC 2016 Open 65+"]
[Site "Marianske Lazne, Czech Republic - Hotel Cristal and Continental"]
[Date "2016.11.23"]
[Round "5.118"]
[White "Klus, Jan"]
[Black "Rehak, Jiri"]
[Result "1/2-1/2"]
[WhiteElo "1694"]
[BlackElo "1846"]
[PlyCount "37"]
[EventDate "2016.11.19"]

1. e4 g6 2. d4 Bg7 3. Nf3 Nf6 4. Nc3 d6 5. Bd3 O-O 6. O-O Nbd7 7. Be3 Ng4 8. h3
Nxe3 9. fxe3 e5 10. Qd2 c5 11. dxe5 dxe5 12. Rad1 Qa5 13. Bc4 Nb6 14. Bd5 Nxd5
15. exd5 e4 16. Nxe4 Qxa2 17. c3 b6 18. Nf2 Bh6 19. Rfe1 1/2-1/2

[Event "26th WSCC 2016 Open 65+"]
[Site "Marianske Lazne, Czech Republic - Hotel Cristal and Continental"]
[Date "2016.11.23"]
[Round "5.119"]
[White "Andersson, Finn"]
[Black "Kummer, Heinz"]
[Result "1/2-1/2"]
[WhiteElo "1833"]
[BlackElo "1702"]
[PlyCount "40"]
[EventDate "2016.11.19"]

1. e4 c5 2. Nf3 Nc6 3. d4 cxd4 4. Nxd4 e6 5. Nb5 d6 6. N1c3 a6 7. Nd4 Qb6 8.
Nb3 Nf6 9. Be3 Qc7 10. f4 Be7 11. Qf3 Rb8 12. Be2 b5 13. g4 g6 14. g5 Nd7 15.
Bd3 b4 16. Ne2 Bb7 17. Qf2 h6 18. Rg1 hxg5 19. fxg5 Nde5 20. Bf4 Rc8 1/2-1/2

[Event "26th WSCC 2016 Open 65+"]
[Site "Marianske Lazne, Czech Republic - Hotel Cristal and Continental"]
[Date "2016.11.23"]
[Round "5.120"]
[White "Korenevski, Oleg"]
[Black "Mohammadian, Mohammad"]
[Result "1/2-1/2"]
[WhiteElo "1823"]
[BlackElo "1683"]
[PlyCount "53"]
[EventDate "2016.11.19"]

1. e4 e5 2. Nf3 Nc6 3. Bc4 Bc5 4. c3 Nf6 5. b4 Bd6 6. d3 Ne7 7. h3 Ng6 8. Be3
c6 9. Nbd2 Bc7 10. a4 d5 11. Bb3 a6 12. a5 O-O 13. Qe2 h6 14. g4 dxe4 15. dxe4
b6 16. axb6 Bxb6 17. Nc4 Bxe3 18. Nxe3 Nh7 19. Nc4 Qc7 20. Nfd2 Be6 21. Ne3
Bxb3 22. Nxb3 Nf4 23. h4 Rfd8 24. Nc5 Qb6 25. O-O Nf6 26. f3 Nd7 27. Nc4 $11
1/2-1/2

[Event "26th WSCC 2016 Open 65+"]
[Site "Marianske Lazne, Czech Republic - Hotel Cristal and Continental"]
[Date "2016.11.23"]
[Round "5.121"]
[White "Zurel, Maxim"]
[Black "Haupt, Joachim"]
[Result "1-0"]
[WhiteElo "1635"]
[BlackElo "1812"]
[PlyCount "121"]
[EventDate "2016.11.19"]

1. e4 d5 2. e5 c5 3. Bb5+ Nc6 4. Nf3 Bd7 5. Bxc6 Bxc6 6. O-O e6 7. d3 Ne7 8.
Bg5 Qc7 9. Re1 Ng6 10. Qe2 h6 11. Bc1 d4 12. a4 Be7 13. h3 O-O 14. b3 Bxf3 15.
Qxf3 Nxe5 16. Qg3 Bd6 17. Bf4 Nf3+ 18. Qxf3 Bxf4 19. Na3 a6 20. Re4 Bg5 21. Re2
Rab8 22. Nc4 Qf4 23. Qxf4 Bxf4 24. g3 Bc7 25. Kg2 Rfd8 26. f4 Rd5 27. Rf1 b5
28. axb5 axb5 29. Nd2 Ra8 30. Nf3 Ra2 31. Rff2 Kh7 32. c4 Rxe2 33. Rxe2 bxc4
34. bxc4 Rd8 35. Nd2 Ba5 36. Nb3 Bb4 37. Re5 Rc8 38. f5 Rc6 39. fxe6 Rxe6 40.
Rxe6 fxe6 41. Kf3 Kg6 42. Ke4 Kf6 43. g4 g5 44. Na1 Ba5 45. Nc2 Ke7 46. Na3 Bc7
47. Nb5 Bb8 48. Na3 Kd6 49. Nc2 Kc6 50. Ne1 Kb6 51. Nf3 Ka5 52. h4 Bf4 53. hxg5
hxg5 54. Nh4 Kb4 55. Ng6 Bd6 56. Nh8 Kc3 57. Nf7 Bf4 58. Nd8 e5 59. Nb7 Bc1 60.
Nxc5 Ba3 61. Na6 1-0

[Event "26th WSCC 2016 Open 65+"]
[Site "Marianske Lazne, Czech Republic - Hotel Cristal and Continental"]
[Date "2016.11.23"]
[Round "5.122"]
[White "Wibe, Per H"]
[Black "Glacner, Karel"]
[Result "1-0"]
[WhiteElo "1805"]
[BlackElo "1629"]
[PlyCount "63"]
[EventDate "2016.11.19"]

1. d4 e5 2. dxe5 Nc6 3. Bf4 Qe7 4. c3 Nxe5 5. e3 Nf6 6. Nf3 d6 7. Nbd2 Ng6 8.
Bg3 Bd7 9. Qb3 b6 10. O-O-O Qe6 11. Bc4 Qe7 12. e4 Ng4 13. e5 d5 14. Bxd5 c6
15. Be4 Qc5 16. h3 Nh6 17. Ng5 Be7 18. Ndf3 Bxg5+ 19. Nxg5 Nxe5 20. Bxe5 Qxe5
21. h4 Qf4+ 22. Kb1 Bf5 23. Rhe1 O-O 24. Qc2 Rae8 25. g3 Bxe4 26. Rxe4 Qf5 27.
Rde1 Rxe4 28. Rxe4 Ng4 29. Rxg4 Qxc2+ 30. Kxc2 h6 31. Nf3 Re8 32. Kd2 1-0

[Event "26th WSCC 2016 Open 65+"]
[Site "Marianske Lazne, Czech Republic - Hotel Cristal and Continental"]
[Date "2016.11.23"]
[Round "5.123"]
[White "Maman, Emanuel"]
[Black "Zak, Jiri"]
[Result "0-1"]
[WhiteElo "1800"]
[BlackElo "1628"]
[PlyCount "60"]
[EventDate "2016.11.19"]

1. e4 c6 2. d4 d5 3. e5 Bf5 4. g4 Be4 5. f3 Bg6 6. h4 h5 7. e6 Qd6 8. exf7+
Bxf7 9. Ne2 e5 10. g5 Nd7 11. c3 Qc7 12. f4 exf4 13. Bxf4 Bd6 14. Bxd6 Qxd6 15.
Nd2 Ne7 16. Bh3 O-O-O 17. Nf3 Ng6 18. Qd2 Rde8 19. O-O-O Be6 20. Bxe6 Rxe6 21.
Rde1 Rhe8 22. Kd1 Re3 23. Ne5 Re4 24. Nd3 Nxh4 25. Ng1 Rxe1+ 26. Nxe1 Qg6 27.
Nd3 Qe4 28. Rh2 Qg4+ 29. Ne2 Nf3 30. Qf4 Qxf4 0-1

[Event "26th WSCC 2016 Open 65+"]
[Site "Marianske Lazne, Czech Republic - Hotel Cristal and Continental"]
[Date "2016.11.23"]
[Round "5.124"]
[White "Rychtecky, Pavel"]
[Black "Usselman, Paul"]
[Result "1-0"]
[WhiteElo "1601"]
[BlackElo "1798"]
[PlyCount "47"]
[EventDate "2016.11.19"]

1. e4 c5 2. Nf3 a6 3. c4 Nc6 4. d4 cxd4 5. Nxd4 Nf6 6. Nc3 e6 7. Be2 Bb4 8.
Nxc6 bxc6 9. e5 Ne4 10. Qd4 f5 11. exf6 Qxf6 12. Qxf6 gxf6 13. Bh5+ Ke7 14. O-O
Nxc3 15. bxc3 Bxc3 16. Ba3+ d6 17. Rab1 c5 18. Rb3 Bd4 19. Bf3 Ra7 20. Rb8 Rd8
21. Rfb1 Kd7 22. Bc1 Kc7 23. Bd2 a5 24. Bxa5+ 1-0

[Event "26th WSCC 2016 Open 65+"]
[Site "Marianske Lazne, Czech Republic - Hotel Cristal and Continental"]
[Date "2016.11.23"]
[Round "5.125"]
[White "Kaldybayev, Orazbek"]
[Black "Schramek, Kurt"]
[Result "1-0"]
[WhiteElo "1793"]
[BlackElo "1602"]
[PlyCount "191"]
[EventDate "2016.11.19"]

1. e4 c5 2. Nf3 d6 3. d4 cxd4 4. Qxd4 Nc6 5. Bb5 Bd7 6. Bxc6 bxc6 7. c4 e5 8.
Qd3 Nf6 9. Nc3 Be7 10. O-O h6 11. h3 O-O 12. Be3 Be6 13. Rfd1 Qc7 14. b3 Rfd8
15. Rac1 Qa5 16. Qd2 Qc7 17. Rc2 Qb7 18. Qc1 Rac8 19. Qb2 Rb8 20. Qa3 Ra8 21.
Qc1 Rac8 22. Qb1 Rb8 23. Rcd2 Rd7 24. Qc2 Rdd8 25. c5 d5 26. Nxe5 Nxe4 27. Nxe4
dxe4 28. Rxd8+ Rxd8 29. Rxd8+ Bxd8 30. Qxe4 Bd5 31. Qg4 Be6 32. Qa4 Bd5 33. Nc4
Qd7 34. Nd6 Bf6 35. Qg4 Qe6 36. Qf5 Qxf5 37. Nxf5 Be4 38. Nd4 Kf8 39. f3 Bd5
40. Nf5 Bc3 41. Kf2 h5 42. Bd4 Be6 43. Bxc3 Bxf5 44. Ke3 g6 45. Kf4 Ke7 46. g4
hxg4 47. fxg4 Bb1 48. a3 f5 49. g5 Bc2 50. b4 a6 51. h4 Kf7 52. Ke5 Bd3 53. Bd2
Be2 54. Kd6 Bb5 55. Bf4 Ba4 56. Kd7 Bb5 57. Kd6 Ba4 58. Ke5 Bc2 59. Kd4 Ba4 60.
Bd6 Bc2 61. Ke5 Bd1 62. Kf4 Bc2 63. Bc7 Bd1 64. Ke5 Bc2 65. Kf4 Bd1 66. Ke3 Bc2
67. Kd2 Ba4 68. Kc3 Bd1 69. Kd4 Bc2 70. Bf4 Bd1 71. Ke5 Bc2 72. Bd2 Bd1 73. Be1
Bc2 74. Bg3 Bd1 75. Kd6 Ba4 76. Kc7 Bb5 77. Kb6 Kg7 78. Ka5 Be2 79. a4 Bd1 80.
b5 axb5 81. axb5 cxb5 82. Kxb5 Kf7 83. Kb6 Ke7 84. Kc7 Bf3 85. Bd6+ Ke8 86. c6
Bd5 87. Bc5 f4 88. Kd6 Be4 89. c7 Bb7 90. Ke6 f3 91. Kf6 Kd7 92. Kxg6 Kxc7 93.
h5 Kd7 94. Kg7 Ke6 95. h6 Be4 96. g6 1-0

[Event "26th WSCC 2016 Open 65+"]
[Site "Marianske Lazne, Czech Republic - Hotel Cristal and Continental"]
[Date "2016.11.23"]
[Round "5.126"]
[White "Tveten, Per"]
[Black "Freeke, Kees"]
[Result "0-1"]
[WhiteElo "1523"]
[BlackElo "1791"]
[PlyCount "58"]
[EventDate "2016.11.19"]

1. e4 c5 2. Nf3 g6 3. c4 Nc6 4. Nc3 Bg7 5. d3 e6 6. g3 Nge7 7. Bg2 O-O 8. O-O
d5 9. exd5 exd5 10. cxd5 Nxd5 11. Nxd5 Qxd5 12. Ne1 Qe5 13. Nf3 Qf6 14. h3 Bf5
15. Rb1 Nb4 16. Bg5 Qa6 17. a3 Nxd3 18. Qb3 c4 19. Qa2 Be6 20. Ne1 c3 21. Bd5
Nxb2 22. Nc2 Bxh3 23. Rfe1 Qd3 24. Nb4 Qf5 25. f4 a5 26. Re5 Bxe5 27. Bh6 axb4
28. Bxf8 Rxa3 29. Bxf7+ Kh8 0-1

[Event "26th WSCC 2016 Open 65+"]
[Site "Marianske Lazne, Czech Republic - Hotel Cristal and Continental"]
[Date "2016.11.23"]
[Round "5.127"]
[White "Brda, Vlastimil"]
[Black "Kasik, Miroslav"]
[Result "0-1"]
[WhiteElo "1234"]
[BlackElo "1779"]
[PlyCount "84"]
[EventDate "2016.11.19"]

1. e4 d5 2. exd5 Qxd5 3. Nc3 Qa5 4. Be2 Nf6 5. d3 c6 6. Bd2 Qd8 7. Bg5 Nbd7 8.
Nf3 e6 9. d4 Be7 10. Ne5 O-O 11. O-O Nd5 12. Bxe7 Qxe7 13. Ne4 N7f6 14. Ng3 Rd8
15. c3 Nf4 16. Bf3 Qc7 17. Re1 Ng6 18. Nxg6 hxg6 19. Ne4 Nxe4 20. Bxe4 e5 21.
Qb3 Be6 22. Qb4 exd4 23. cxd4 Rd6 24. Rac1 Rad8 25. Qa3 a6 26. Qg3 Qd7 27. d5
Bxd5 28. Bc2 Re6 29. Red1 Qe7 30. h3 Re8 31. f3 Re2 32. a3 Qc5+ 33. Kh2 Rxc2
34. Re1 Re6 35. Qb8+ Kh7 36. b4 Qf2 37. Rxc2 Qxe1 38. Qxb7 Qe5+ 39. Kh1 Qg3 40.
Rc1 Re2 41. Rg1 Bxf3 42. Qxa6 Qxh3# 0-1

[Event "26th WSCC 2016 Open 65+"]
[Site "Marianske Lazne, Czech Republic - Hotel Cristal and Continental"]
[Date "2016.11.23"]
[Round "5.128"]
[White "Mortensen, Steen Juul"]
[Black "Benes, Karel"]
[Result "1-0"]
[WhiteElo "1975"]
[BlackElo "1700"]
[PlyCount "67"]
[EventDate "2016.11.19"]

1. d4 d5 2. c4 e6 3. Nf3 Nf6 4. g3 Bb4+ 5. Bd2 Bxd2+ 6. Nbxd2 O-O 7. Bg2 c6 8.
O-O Nbd7 9. Qc2 Re8 10. Rfd1 Qc7 11. Rac1 e5 12. cxd5 Nxd5 13. e4 Nb4 14. Qc4
Qd6 15. Nxe5 Nxe5 16. dxe5 Qe7 17. a3 Na6 18. f4 Be6 19. Qc3 g6 20. Bf1 Nc7 21.
Bc4 Qc5+ 22. Kg2 Nb5 23. Qb3 Qe7 24. Bxe6 fxe6 25. Nf3 Rad8 26. a4 Nc7 27. Rxd8
Qxd8 28. Rd1 Qc8 29. Rd6 b6 30. f5 g5 31. f6 Kf7 32. Qd1 Na6 33. Rd7+ Kf8 34.
Qd6+ 1-0

[Event "26th WSCC 2016 Open 65+"]
[Site "Marianske Lazne, Czech Republic - Hotel Cristal and Continental"]
[Date "2016.11.23"]
[Round "5.129"]
[White "Palla, Ivan"]
[Black "El Gheiadi, I."]
[Result "0-1"]
[WhiteElo "1514"]
[BlackElo "1918"]
[PlyCount "102"]
[EventDate "2016.11.19"]

1. Nf3 c5 2. g3 b6 3. Bg2 Bb7 4. O-O Nf6 5. d4 e6 6. Bg5 h6 7. Bc1 d6 8. c3 Be7
9. Nbd2 O-O 10. Re1 Qc7 11. e4 e5 12. c4 cxd4 13. a3 Bc8 14. Nh4 Be6 15. b3
Nbd7 16. Nf5 Bxf5 17. exf5 Rac8 18. Bb2 Nc5 19. Bf1 Qd7 20. b4 Nb7 21. Qf3 Rfe8
22. Bg2 Nd8 23. Rac1 Bf8 24. g4 Nc6 25. h4 Be7 26. g5 hxg5 27. hxg5 Nh7 28. f6
Nxg5 29. Qh5 Bxf6 30. Ne4 Nxe4 31. Bh3 g6 32. Bxd7 gxh5 33. Rxe4 Red8 34. Bxc8
Rxc8 35. Kh2 Kh7 36. Kh3 Rg8 37. Rd1 Ne7 38. Bc1 d5 39. cxd5 Nxd5 40. Bd2 Rc8
41. Rc1 Rxc1 42. Bxc1 Nc3 43. Re1 Kg6 44. Bd2 Nd5 45. Kg3 Kf5 46. Kf3 h4 47.
Rh1 e4+ 48. Ke2 Nf4+ 49. Bxf4 Kxf4 50. b5 Bg5 51. Rg1 f5 0-1

[Event "26th WSCC 2016 Open 65+"]
[Site "Marianske Lazne, Czech Republic - Hotel Cristal and Continental"]
[Date "2016.11.23"]
[Round "5.130"]
[White "Svoboda, Zdenek"]
[Black "Dvorsky, David"]
[Result "1-0"]
[WhiteElo "1659"]
[BlackElo "1594"]
[PlyCount "61"]
[EventDate "2016.11.19"]

1. e4 e5 2. Nf3 Nc6 3. Bc4 Bc5 4. b4 Bd6 5. c3 Nf6 6. d3 h6 7. O-O O-O 8. Re1
Ne7 9. d4 Ng6 10. a3 c6 11. dxe5 Bxe5 12. Nxe5 Nxe5 13. Bb3 Ng6 14. e5 Ne8 15.
Qh5 d5 16. Bc2 Kh7 17. h4 Be6 18. f4 f5 19. exf6 Qxf6 20. Qxg6+ Qxg6 21. Bxg6+
Kxg6 22. Rxe6+ Kf5 23. Re5+ Kg4 24. Kf2 Nf6 25. Nd2 Nh5 26. Nf3 Nf6 27. Nh2+
Kxh4 28. Kf3 g5 29. g3+ Kh3 30. Bd2 Rae8 31. Rh1 1-0

[Event "26th WSCC 2016 Open 65+"]
[Site "Marianske Lazne, Czech Republic - Hotel Cristal and Continental"]
[Date "2016.11.23"]
[Round "5.131"]
[White "Kympergr, Vojtech"]
[Black "Zikavsky, Rudolf"]
[Result "1-0"]
[WhiteElo "1506"]
[BlackElo "1632"]
[PlyCount "79"]
[EventDate "2016.11.19"]

1. e4 e5 2. Nf3 Nc6 3. d4 exd4 4. Bc4 h6 5. O-O Bc5 6. c3 dxc3 7. Bxf7+ Kf8 8.
Bxg8 Rxg8 9. Nxc3 Ne7 10. Ne5 Nc6 11. Ng6+ Ke8 12. Qd5 Ne7 13. Nxe7 Kxe7 14.
Qxc5+ Ke8 15. Qe5+ Kf7 16. Qd5+ Ke7 17. Qe5+ Kf7 18. Nd5 d6 19. Qh5+ Kf8 20.
Qf3+ Ke8 21. Qh5+ Kd7 22. Qf7+ Kc6 23. Ne7+ Kb6 24. Nxg8 Bd7 25. Be3+ c5 26.
Ne7 a6 27. Nd5+ Ka7 28. Qg6 Qf8 29. b4 Bc6 30. bxc5 dxc5 31. Rab1 Rc8 32. Nb4
Bb5 33. Rfc1 b6 34. Nd5 Rc6 35. Qf5 Qe8 36. Bf4 Bd3 37. f3 Bxb1 38. Rxb1 Qd8
39. Qf7+ Ka8 40. Nc7+ 1-0

[Event "26th WSCC 2016 Open 65+"]
[Site "Marianske Lazne, Czech Republic - Hotel Cristal and Continental"]
[Date "2016.11.24"]
[Round "6.2"]
[White "Vasiukov, Evgeni"]
[Black "Harandi, Khosro"]
[Result "1-0"]
[WhiteElo "2405"]
[BlackElo "2354"]
[PlyCount "81"]
[EventDate "2016.11.19"]

1. Nf3 d5 2. g3 Nf6 3. Bg2 c6 4. d3 Bg4 5. Nbd2 Nbd7 6. h3 Bh5 7. O-O e5 8. e4
dxe4 9. dxe4 Bc5 10. Qe1 O-O 11. Nc4 Re8 12. b4 Bf8 13. Bb2 Bxf3 14. Bxf3 Qc7
15. a4 a6 16. Qc3 b6 17. g4 h6 18. h4 Nh7 19. Rfd1 Re6 20. Rxd7 Qxd7 21. Nxb6
Qd8 22. Nxa8 Qxh4 23. Qe3 Ng5 24. Nc7 Rf6 25. Bg2 Qxg4 26. Qg3 Qh5 27. Kf1 Rd6
28. Re1 f6 29. Nxa6 Ne6 30. Nc5 Nf4 31. Bc1 Rd4 32. c3 Rc4 33. Bxf4 Bxc5 34.
Qd3 Qf7 35. Bd2 Ba7 36. Bf3 f5 37. Bh5 Qxh5 38. Qxc4+ Kh7 39. exf5 Qh3+ 40. Ke2
Qxf5 41. f3 1-0

[Event "26th WSCC 2016 Open 65+"]
[Site "Marianske Lazne, Czech Republic - Hotel Cristal and Continental"]
[Date "2016.11.24"]
[Round "6.3"]
[White "Komljenovic, Davorin"]
[Black "Kierzek, Matthias"]
[Result "1/2-1/2"]
[WhiteElo "2375"]
[BlackElo "2189"]
[PlyCount "108"]
[EventDate "2016.11.19"]

1. Nf3 d5 2. g3 Bg4 3. Bg2 Nd7 4. c4 e6 5. Qa4 c6 6. cxd5 Bxf3 7. Bxf3 exd5 8.
O-O Ngf6 9. Nc3 Be7 10. Bg2 O-O 11. d3 a5 12. Qc2 Nc5 13. d4 Ne6 14. Rd1 Qb6
15. e3 Rfe8 16. b3 Bf8 17. Bb2 Ng5 18. Na4 Qa7 19. Rac1 Nge4 20. Re1 Rad8 21.
f3 Ng5 22. Nc5 Ne6 23. Nd3 Nd7 24. Kh1 Be7 25. Qf2 Bf6 26. f4 Be7 27. g4 Nf6
28. Qg3 Ne4 29. Bxe4 dxe4 30. Nf2 Bb4 31. Re2 Qa6 32. Rcc2 Qb5 33. Qg2 Nc7 34.
Nxe4 Nd5 35. Bc1 Rxe4 36. Qxe4 Nc3 37. Qf3 Nxe2 38. Rxe2 Qd3 39. Kg2 Qb1 40.
Bd2 Qd3 41. Bxb4 axb4 42. Kf2 Qb1 43. Rd2 Ra8 44. Qe2 Qh1 45. Kg3 Qg1+ 46. Kf3
Re8 47. d5 h5 48. gxh5 cxd5 49. Qf2 Qb1 50. Kg4 Qh1 51. Qg2 Qe1 52. Qf2 Qh1 53.
Qg2 Qe1 54. Qf2 Qh1 1/2-1/2

[Event "26th WSCC 2016 Open 65+"]
[Site "Marianske Lazne, Czech Republic - Hotel Cristal and Continental"]
[Date "2016.11.24"]
[Round "6.4"]
[White "Birnboim, Nathan"]
[Black "Khanukov, Boris"]
[Result "0-1"]
[WhiteElo "2365"]
[BlackElo "2320"]
[PlyCount "132"]
[EventDate "2016.11.19"]

1. d4 Nf6 2. c4 e6 3. Nf3 b6 4. g3 Ba6 5. b3 c6 6. Bg2 d5 7. O-O Be7 8. Qc2 O-O
9. Nbd2 Nbd7 10. e4 dxe4 11. Nxe4 Nxe4 12. Qxe4 Bb7 13. Rd1 Nf6 14. Qe2 Qc8 15.
Bf4 Re8 16. Bh3 Qd8 17. Ne5 Bf8 18. Bg2 Rc8 19. Qf3 Qe7 20. Bg5 h6 21. Bxf6
Qxf6 22. Qh5 g6 23. Qe2 Qe7 24. c5 Bg7 25. Rac1 b5 26. b4 Qc7 27. f4 a5 28. a3
axb4 29. axb4 Ra8 30. h4 h5 31. Be4 Ra4 32. Rb1 Rea8 33. Kh2 Ra2 34. Rb2 R2a3
35. Bc2 Bc8 36. Bb3 Bd7 37. Rbb1 Be8 38. Nf3 Bf6 39. Rd3 Qe7 40. Ng5 Qf8 41.
Nf3 Qe7 42. Kh3 Kg7 43. Ne5 Rd8 44. Rbd1 Qc7 45. Qb2 Ra7 46. Qc1 Qe7 47. g4
hxg4+ 48. Kxg4 Bd7 49. Rh3 Rh8 50. h5 Raa8 51. Rdh1 gxh5+ 52. Rxh5 Rxh5 53.
Rxh5 Rg8 54. Kf3 Kf8 55. Rh7 Be8 56. Qh1 Bg7 57. Ke2 Qf6 58. Kf3 Qd8 59. Qa1
Bxe5 60. fxe5 Qg5 61. Qh1 Qg3+ 62. Ke2 Qxb3 63. Qh6+ Ke7 64. Qf6+ Kd7 65. Rxf7+
Kc8 66. Rf8 Qc2+ 0-1

[Event "26th WSCC 2016 Open 65+"]
[Site "Marianske Lazne, Czech Republic - Hotel Cristal and Continental"]
[Date "2016.11.24"]
[Round "6.5"]
[White "Kelleher, William"]
[Black "Zhelnin, Vladimir V"]
[Result "1-0"]
[WhiteElo "2292"]
[BlackElo "2453"]
[PlyCount "69"]
[EventDate "2016.11.19"]

1. e4 c5 2. c3 Nf6 3. e5 Nd5 4. Nf3 e6 5. d4 cxd4 6. cxd4 b6 7. Nc3 Nxc3 8.
bxc3 Qc7 9. Bd2 Bb7 10. Bd3 d6 11. O-O Nd7 12. Re1 Be7 13. a4 a6 14. h3 O-O 15.
Bf4 Rac8 16. c4 g6 17. Rc1 Bxf3 18. Qxf3 dxe5 19. Bxe5 Nxe5 20. Rxe5 Rfd8 21.
Re4 a5 22. Rb1 Bf8 23. Rb5 Rd7 24. Rg4 Bg7 25. d5 f5 26. Rg3 e5 27. Bxf5 gxf5
28. Qxf5 Rcd8 29. Qe6+ Rf7 30. Rxb6 e4 31. Rg4 Qxc4 32. Rxg7+ Kxg7 33. Qe5+ Kf8
34. Qh8+ Ke7 35. Rb7+ 1-0

[Event "26th WSCC 2016 Open 65+"]
[Site "Marianske Lazne, Czech Republic - Hotel Cristal and Continental"]
[Date "2016.11.24"]
[Round "6.6"]
[White "Lederman, Leon"]
[Black "Jansa, Vlastimil"]
[Result "0-1"]
[WhiteElo "2280"]
[BlackElo "2418"]
[PlyCount "81"]
[EventDate "2016.11.19"]

1. e4 c5 2. Nf3 e6 3. d4 cxd4 4. Nxd4 Nc6 5. Nb5 d6 6. c4 Nf6 7. N5c3 Be7 8.
Be2 O-O 9. O-O b6 10. Be3 Bb7 11. f4 Rc8 12. Bf3 Qc7 13. Nd2 Rfd8 14. Rc1 Qb8
15. a3 Na5 16. Nb5 a6 17. Nd4 b5 18. cxb5 axb5 19. Qe2 Nc4 20. Nxc4 bxc4 21.
Bf2 d5 22. exd5 Bxd5 23. g3 Bc5 24. Rfd1 Qb7 25. Bxd5 exd5 26. Rc2 Re8 27. Qf3
Ne4 28. Be3 Qb6 29. Kg2 h6 30. Nf5 Qg6 31. Rxd5 Bf8 32. Re5 Nd6 33. Nd4 Qd3 34.
Rd2 Qb1 35. Ne2 Ne4 36. Rd4 f5 37. Bc1 Qc2 38. Kh3 Bd6 39. Rxe8+ Rxe8 40. Be3
Bc5 41. Rxe4 0-1

[Event "26th WSCC 2016 Open 65+"]
[Site "Marianske Lazne, Czech Republic - Hotel Cristal and Continental"]
[Date "2016.11.24"]
[Round "6.7"]
[White "Jorgensen, Jorgen"]
[Black "Kakageldyev, Amanmurad"]
[Result "1/2-1/2"]
[WhiteElo "2217"]
[BlackElo "2373"]
[PlyCount "70"]
[EventDate "2016.11.19"]

1. c4 g6 2. d4 Bg7 3. e4 d6 4. Nc3 Nc6 5. d5 Nd4 6. Nge2 c5 7. Be3 Qb6 8. Qd2
Bd7 9. Rb1 a5 10. f3 f5 11. Ng3 fxe4 12. Ngxe4 Nf6 13. Bd3 Nxe4 14. Nxe4 Nf5
15. Bf2 Qb4 16. Nc3 Bh6 17. f4 O-O 18. O-O e5 19. dxe6 Bxe6 20. Rfe1 Rae8 21.
Re4 Bf7 22. a3 Qb6 23. Rxe8 Rxe8 24. Bxf5 gxf5 25. Nd5 Qd8 26. Rd1 Re4 27. Rc1
Bg7 28. b3 Qe8 29. Nc3 Re6 30. Qd3 Bd4 31. Rf1 Bxf2+ 32. Kxf2 Bg6 33. Nd5 Qd8
34. g3 Re4 35. Re1 Rxe1 1/2-1/2

[Event "26th WSCC 2016 Open 65+"]
[Site "Marianske Lazne, Czech Republic - Hotel Cristal and Continental"]
[Date "2016.11.24"]
[Round "6.8"]
[White "Ruckschloss, Karol"]
[Black "Plachetka, Jan"]
[Result "1/2-1/2"]
[WhiteElo "2255"]
[BlackElo "2348"]
[PlyCount "26"]
[EventDate "2016.11.19"]

1. c4 Nf6 2. g3 g6 3. Bg2 Bg7 4. Nf3 c5 5. Nc3 Nc6 6. O-O O-O 7. d3 a6 8. Bd2
Rb8 9. Qc1 b5 10. Bh6 d6 11. Bxg7 Kxg7 12. e3 Bf5 13. Rd1 Qc8 1/2-1/2

[Event "26th WSCC 2016 Open 65+"]
[Site "Marianske Lazne, Czech Republic - Hotel Cristal and Continental"]
[Date "2016.11.24"]
[Round "6.9"]
[White "Pritchett, Craig W"]
[Black "Malmdin, Nils-Ake"]
[Result "0-1"]
[WhiteElo "2338"]
[BlackElo "2182"]
[PlyCount "76"]
[EventDate "2016.11.19"]

1. e4 d5 2. exd5 Nf6 3. Nf3 Qxd5 4. Nc3 Qd6 5. d4 a6 6. g3 b5 7. Bg2 Bb7 8. O-O
Nbd7 9. Bf4 Qb6 10. a4 b4 11. a5 Qa7 12. Na2 e6 13. Bxc7 Nd5 14. Be5 f6 15. Bf4
Nxf4 16. gxf4 Bd6 17. Qe2 Kf7 18. f5 Rhe8 19. fxe6+ Rxe6 20. Qc4 Rae8 21. Rfe1
Nf8 22. Rxe6 Nxe6 23. Nxb4 Qa8 24. Nh4 g5 25. Nf5 Bxb4 26. Qxb4 Bxg2 27. Nd6+
Kg6 28. Qb3 Bd5 29. Qd3+ Kg7 30. Re1 Rd8 31. Nf5+ Kh8 32. c4 Nf4 33. Qc3 Bg2
34. d5 Rf8 35. Re7 Qd8 36. Qe3 Qxa5 37. h4 Qa1+ 38. Kh2 Qh1+ 0-1

[Event "26th WSCC 2016 Open 65+"]
[Site "Marianske Lazne, Czech Republic - Hotel Cristal and Continental"]
[Date "2016.11.24"]
[Round "6.10"]
[White "Pushkov, Nikolai"]
[Black "Pribyl, Josef"]
[Result "1-0"]
[WhiteElo "2325"]
[BlackElo "2252"]
[PlyCount "51"]
[EventDate "2016.11.19"]

1. Nf3 d5 2. d4 Nf6 3. c4 e6 4. Nc3 c5 5. cxd5 Nxd5 6. e3 Nc6 7. Bc4 Nxc3 8.
bxc3 Be7 9. O-O O-O 10. Bb2 b6 11. Qe2 Bb7 12. Rfd1 Qc7 13. Rac1 Rac8 14. Bd3
Rfd8 15. h4 Rd7 16. Ng5 g6 17. Qg4 Nd8 18. Nxh7 Kxh7 19. h5 Bf8 20. hxg6+ fxg6
21. Bxg6+ Kg8 22. c4 Bg7 23. d5 Bxb2 24. dxe6 Rg7 25. Rd7 Bxc1 26. Bh7+ 1-0

[Event "26th WSCC 2016 Open 65+"]
[Site "Marianske Lazne, Czech Republic - Hotel Cristal and Continental"]
[Date "2016.11.24"]
[Round "6.11"]
[White "Werner, Clemens"]
[Black "Babula, Milan"]
[Result "1/2-1/2"]
[WhiteElo "2325"]
[BlackElo "2210"]
[PlyCount "65"]
[EventDate "2016.11.19"]

1. e4 e6 2. d4 d5 3. Nc3 Nf6 4. Bg5 Be7 5. e5 Nfd7 6. Bxe7 Qxe7 7. Nf3 a6 8.
Bd3 c5 9. dxc5 Nc6 10. O-O Nxc5 11. Re1 Bd7 12. a3 Nxd3 13. cxd3 O-O 14. Rc1 f6
15. d4 Be8 16. exf6 Qxf6 17. Qd2 Ne7 18. Ne5 Nf5 19. Ne2 Nd6 20. Qe3 h5 21. f3
Bb5 22. Nc3 Rfe8 23. b3 Rec8 24. a4 Be8 25. Ne2 g5 26. g3 Kg7 27. Kg2 Rxc1 28.
Rxc1 Rc8 29. Rxc8 Nxc8 30. Qc3 Qd8 31. Nc1 Nd6 32. Ncd3 b6 33. Qc1 1/2-1/2

[Event "26th WSCC 2016 Open 65+"]
[Site "Marianske Lazne, Czech Republic - Hotel Cristal and Continental"]
[Date "2016.11.24"]
[Round "6.12"]
[White "Mishuchkov, Nikolai M"]
[Black "Kolbak, Jens"]
[Result "1/2-1/2"]
[WhiteElo "2319"]
[BlackElo "2189"]
[PlyCount "78"]
[EventDate "2016.11.19"]

1. d4 Nf6 2. Nf3 d6 3. c4 g6 4. g3 Bg7 5. Bg2 O-O 6. O-O c6 7. Nc3 Nbd7 8. b3
Re8 9. a4 e5 10. e3 a6 11. Ba3 e4 12. Nd2 d5 13. cxd5 cxd5 14. f3 Bh6 15. Re1
exf3 16. Qxf3 Nf8 17. Nxd5 Nxd5 18. Qxd5 Bxe3+ 19. Rxe3 Qxd5 20. Bxd5 Rxe3 21.
Nc4 Rxb3 22. Nd6 Rd3 23. Bxf7+ Kg7 24. Bc4 Rxa3 25. Rxa3 Be6 26. d5 Bxd5 27.
Bxd5 Rd8 28. Ne8+ Rxe8 29. Bxb7 a5 30. Rc3 Re5 31. Rc7+ Kf6 32. Kf2 h5 33. Rc6+
Ke7 34. h4 Ne6 35. Bc8 Nc5 36. Rxg6 Nxa4 37. g4 hxg4 38. Bxg4 Nc5 39. h5 Kf7
1/2-1/2